[Event "Budapest-chT1 Lilienthal 1112"]
[Site "Budapest"]
[Date "2012.04.29"]
[Round "11"]
[White "Zilahi, Gabor"]
[Black "Dolanyi, Jozsef"]
[Result "1-0"]
[WhiteElo "2022"]
[BlackElo "1992"]
[PlyCount "48"]
[EventDate "2011.10.02"]
[EventType "team-tourn"]
[EventRounds "11"]
[EventCountry "HUN"]
[SourceTitle "EXT 2020"]
[Source "ChessBase"]
[SourceDate "2019.10.17"]
[SourceVersion "1"]
[SourceVersionDate "2019.10.17"]
[SourceQuality "1"]
[WhiteTeam "Budapest Vasas II"]
[BlackTeam "Budapest Honved III"]
[WhiteTeamCountry "HUN"]
[BlackTeamCountry "HUN"]

1. d4 d5 2. e3 Bf5 3. c4 c6 4. Nc3 e6 5. Qb3 Qb6 6. Qxb6 axb6 7. cxd5 exd5 8. Bd2 Nf6 9. f3 Bb4 10. g4 Bg6 11. h4 h6 12. Nh3 Nbd7 13. Nf4 Bh7 14. g5 Ng8 15. Bh3 b5 16. Kf2 Be7 17. Rhg1 Nf8 18. a3 Ng6 19. h5 Nxf4 20. exf4 hxg5 21. Bg4 Bd3 22. Rae1 Kd8 23. Re3 Bc4 24. Rge1 Kc7 1-0

[Event "Budapest-chT1 Lilienthal 1112"]
[Site "Budapest"]
[Date "2012.02.26"]
[Round "8"]
[White "Pal, Mihaly"]
[Black "Dolanyi, Jozsef"]
[Result "1-0"]
[WhiteElo "2028"]
[BlackElo "1992"]
[PlyCount "59"]
[EventDate "2011.10.02"]
[EventType "team-tourn"]
[EventRounds "11"]
[EventCountry "HUN"]
[SourceTitle "EXT 2020"]
[Source "ChessBase"]
[SourceDate "2019.10.17"]
[SourceVersion "1"]
[SourceVersionDate "2019.10.17"]
[SourceQuality "1"]
[WhiteTeam "Taban Spartacus II"]
[BlackTeam "Budapest Honved III"]
[WhiteTeamCountry "HUN"]
[BlackTeamCountry "HUN"]

1. e4 c6 2. c4 e5 3. Nf3 d6 4. d4 exd4 5. Nxd4 g6 6. Be2 Bg7 7. 0-0 Nf6 8. Nc3 0-0 9. Be3 Na6 10. Qd2 Nc7 11. Rad1 Qe7 12. f3 Rd8 13. Bg5 Qf8 14. Qf4 Nce8 15. Qh4 h6 16. Be3 Bd7 17. f4 a6 18. e5 Nh7 19. Nf3 f6 20. Bb6 Rdc8 21. exd6 c5 22. Ne4 Rc6 23. Nxc5 Qf7 24. Nxd7 Qxd7 25. c5 Bf8 26. Bc4+ Kg7 27. Nd4 Nxd6 28. Ne6+ Kh8 29. Nxf8 Rxf8 30. Qxh6 1-0

[Event "Budapest-chT1 Lilienthal 1112"]
[Site "Budapest"]
[Date "2011.10.16"]
[Round "2"]
[White "Keresztes, Balazs"]
[Black "Dolanyi, Jozsef"]
[Result "1-0"]
[WhiteElo "2102"]
[BlackElo "1992"]
[PlyCount "95"]
[EventDate "2011.10.02"]
[EventType "team-tourn"]
[EventRounds "11"]
[EventCountry "HUN"]
[SourceTitle "EXT 2020"]
[Source "ChessBase"]
[SourceDate "2019.10.17"]
[SourceVersion "1"]
[SourceVersionDate "2019.10.17"]
[SourceQuality "1"]
[WhiteTeam "Barcza GSC"]
[BlackTeam "Budapest Honved III"]
[WhiteTeamCountry "HUN"]
[BlackTeamCountry "HUN"]

1. e4 c6 2. c4 e5 3. Nc3 Be7 4. Nf3 d6 5. Be2 Nf6 6. d4 exd4 7. Nxd4 0-0 8. 0-0 Nbd7 9. Be3 Re8 10. Qd2 Bf8 11. f3 Nc5 12. b4 Ne6 13. Nc2 Qc7 14. Rfd1 b6 15. Bf2 Rd8 16. Bg3 Nh5 17. Bf2 Be7 18. Rac1 h6 19. Ne1 Bg5 20. Be3 Qe7 21. g3 Bxe3+ 22. Qxe3 Nf6 23. Nd3 Bb7 24. Na4 Ng5 25. h4 Ngh7 26. c5 dxc5 27. bxc5 b5 28. Nc3 g5 29. Kf2 a5 30. hxg5 hxg5 31. Rh1 b4 32. Na4 Re8 33. Nb6 Rad8 34. Nc4 Ba6 35. Nd6 Rxd6 36. cxd6 Qxd6 37. Qc5 Qe6 38. Qxc6 g4 39. Qxe6 Rxe6 40. Nc5 Bxe2 41. Nxe6 Ba6 42. Rc6 Bb7 43. Rc7 Ba6 44. Ra7 fxe6 45. Rxa6 gxf3 46. Kxf3 Ng5+ 47. Kf4 Nfxe4 48. Rh5 1-0

[Event "HUN-chT2 Erkel 0809"]
[Site "Hungary"]
[Date "2008.11.02"]
[Round "2.7"]
[White "Koszegi, Lajos"]
[Black "Dolanyi, Jozsef"]
[Result "1-0"]
[WhiteElo "2060"]
[BlackElo "2040"]
[PlyCount "51"]
[EventDate "2008.10.26"]
[EventType "team-tourn"]
[EventRounds "11"]
[EventCountry "HUN"]
[SourceTitle "EXT 2010"]
[Source "ChessBase"]
[SourceDate "2010.11.25"]
[SourceVersion "1"]
[SourceVersionDate "2010.11.25"]
[SourceQuality "1"]
[WhiteTeam "Godollo"]
[BlackTeam "HASE II"]
[WhiteTeamCountry "HUN"]
[BlackTeamCountry "HUN"]

1. e4 c6 2. Nc3 d5 3. Nf3 dxe4 4. Nxe4 Nf6 5. Nxf6+ exf6 6. Bc4 Bd6 7. Qe2+ Qe7 8. Qxe7+ Bxe7 9. 0-0 0-0 10. Re1 Bd6 11. d3 Bg4 12. Nd4 a6 13. h3 Bd7 14. a4 c5 15. Nb3 Nc6 16. Be3 b6 17. d4 Nb4 18. dxc5 bxc5 19. Red1 Nxc2 20. Rxd6 Nxa1 21. Rxd7 Nxb3 22. Bxb3 Rab8 23. Bc4 Rxb2 24. Bxc5 Rfb8 25. Rxf7 Kh8 26. Bxa6 1-0

[Event "HUN-chT2 Breyer 0506"]
[Site "Hungary"]
[Date "2005.12.04"]
[Round "5"]
[White "Dolanyi, Jozsef"]
[Black "Toth, Tamas"]
[Result "1/2-1/2"]
[WhiteElo "2054"]
[BlackElo "1994"]
[PlyCount "48"]
[EventDate "2005.10.16"]
[EventType "team"]
[EventRounds "11"]
[EventCountry "HUN"]
[SourceTitle "EXT 2009"]
[Source "ChessBase"]
[SourceDate "2008.11.26"]
[SourceVersion "1"]
[SourceVersionDate "2008.11.26"]
[SourceQuality "1"]
[WhiteTeam "Vizugy II"]
[BlackTeam "Turul"]
[WhiteTeamCountry "HUN"]
[BlackTeamCountry "HUN"]

1. c4 c6 2. Nc3 d5 3. cxd5 cxd5 4. d4 e6 5. g3 Bd6 6. Bg2 Nf6 7. Nf3 Nbd7 8. 0-0 a6 9. e4 dxe4 10. Ng5 Nb6 11. Ngxe4 Be7 12. Nxf6+ Bxf6 13. Be3 0-0 14. Ne4 Be7 15. Nc5 Nd5 16. Qb3 b6 17. Na4 Rb8 18. Rac1 Bb7 19. a3 Qd7 20. Nc3 Rfd8 21. Nxd5 Bxd5 22. Bxd5 exd5 23. Rc2 b5 24. Rfc1 Rb7 1/2-1/2

[Event "Gyongyos Matra op 25th"]
[Site "Gyongyos"]
[Date "2002.07.29"]
[Round "6.16"]
[White "Eberth, Zoltan"]
[Black "Dolanyi, Jozsef"]
[Result "1-0"]
[WhiteElo "2256"]
[BlackElo "2054"]
[PlyCount "43"]
[EventDate "2002.08.04"]
[EventType "swiss"]
[EventRounds "9"]
[EventCountry "HUN"]
[SourceTitle "EXT 2004"]
[Source "ChessBase"]
[SourceDate "2003.11.25"]
[SourceVersion "1"]
[SourceVersionDate "2003.11.25"]
[SourceQuality "1"]

1. e4 c6 2. Nc3 d5 3. Qf3 dxe4 4. Nxe4 Nf6 5. Bc4 e6 6. d3 Be7 7. Qg3 Nxe4 8. dxe4 g6 9. Bf4 Qa5+ 10. c3 Nd7 11. e5 b5 12. Bb3 c5 13. h4 Bb7 14. Ne2 c4 15. Bc2 b4 16. 0-0 Qd8 17. h5 g5 18. Be3 h6 19. f4 Nc5 20. fxg5 Nd3 21. Ba4+ Kf8 22. g6 1-0

[Event "Gyongyos Matra Cup"]
[Site "Gyongyos"]
[Date "2000.??.??"]
[Round "?"]
[White "Dolanyi, Jozsef"]
[Black "Eberth, Zoltan"]
[Result "0-1"]
[WhiteElo "2055"]
[BlackElo "2150"]
[PlyCount "144"]
[EventDate "2000.07.??"]
[EventType "swiss"]
[EventRounds "9"]
[EventCountry "HUN"]
[SourceTitle "EXT 2004"]
[Source "ChessBase"]
[SourceDate "2003.11.25"]
[SourceVersion "1"]
[SourceVersionDate "2003.11.25"]
[SourceQuality "1"]

1. c4 g5 2. Nc3 Bg7 3. g3 e5 4. Bg2 Nc6 5. d3 d6 6. e4 h6 7. Be3 Nge7 8. h4 g4 9. Nge2 Be6 10. a3 a5 11. Nd5 Nd4 12. Nxe7 Qxe7 13. Bxd4 exd4 14. Nf4 Bd7 15. 0-0 Be5 16. Ne2 0-0 17. b4 b6 18. b5 Kh7 19. a4 Rae8 20. Qd2 Bc8 21. Nf4 Bxf4 22. Qxf4 Qe5 23. Qd2 Rg8 24. Rae1 Ref8 25. Qc1 Rg7 26. Qd2 Rh8 27. Qc1 Kg8 28. Qd2 Kf8 29. Qc1 Be6 30. Qd2 Ke7 31. Qc1 Rg6 32. Qd2 Rhg8 33. Qc1 Rf6 34. Qd1 Kd7 35. Kh2 Rgg6 36. Kg1 Kc8 37. Kh2 Bd7 38. Qe2 Kb7 39. Qd1 Ka7 40. Qe2 Rg8 41. Qd1 Rc8 42. Qe2 c6 43. Qd1 Qc5 44. Kg1 cxb5 45. axb5 Re8 46. Qa1 Kb8 47. Qb2 Kc7 48. Qa1 Rg8 49. Qd1 Bc8 50. Qa1 Bb7 51. Qb2 Qe5 52. Qc1 Rgg6 53. Qd1 Qh5 54. Qa1 Qc5 55. Qd1 h5 56. Qe2 Qe5 57. Qd1 Rg8 58. Qe2 Re6 59. Qd1 Re7 60. Qa1 Rge8 61. Kh2 Qc5 62. f4 gxf3 63. Rxf3 f5 64. Rf4 fxe4 65. Bxe4 Bxe4 66. Rexe4 Rxe4 67. dxe4 Qxc4 68. Qb2 Re7 69. Rf2 d3 70. Qh8 Qxe4 71. Qxh5 Qe1 72. Qf3 Qxf2+ 0-1

[Event "Gyongyos Matra Cup"]
[Site "Gyongyos"]
[Date "2000.??.??"]
[Round "?"]
[White "Medvegyne Balogh, Emese"]
[Black "Dolanyi, Jozsef"]
[Result "1/2-1/2"]
[WhiteElo "2001"]
[BlackElo "2055"]
[PlyCount "42"]
[EventDate "2000.07.??"]
[EventType "swiss"]
[EventRounds "9"]
[EventCountry "HUN"]
[SourceTitle "EXT 2004"]
[Source "ChessBase"]
[SourceDate "2003.11.25"]
[SourceVersion "1"]
[SourceVersionDate "2003.11.25"]
[SourceQuality "1"]

1. e4 c6 2. d4 d5 3. Nc3 dxe4 4. Nxe4 Bf5 5. Ng3 Bg6 6. Nf3 Nd7 7. h4 h6 8. h5 Bh7 9. Bd3 Bxd3 10. Qxd3 Ngf6 11. Bd2 e6 12. c4 Qc7 13. 0-0-0 0-0-0 14. Qc2 Bd6 15. Ne2 c5 16. Rh4 Qc6 17. Rg1 Be7 18. Rh3 Qe4 19. Qxe4 Nxe4 20. Be3 Bf6 21. g4 cxd4 1/2-1/2

[Event "Gyongyos Matra Cup"]
[Site "Gyongyos"]
[Date "1998.??.??"]
[Round "6"]
[White "Dolanyi, Jozsef"]
[Black "Horvath, Sandor"]
[Result "1/2-1/2"]
[WhiteElo "2060"]
[BlackElo "2065"]
[PlyCount "39"]
[EventDate "1998.??.??"]
[EventType "swiss"]
[EventRounds "9"]
[EventCountry "HUN"]
[SourceTitle "EXT 2000"]
[Source "ChessBase"]
[SourceDate "1999.11.16"]
[SourceVersion "1"]
[SourceVersionDate "1999.11.16"]
[SourceQuality "1"]

1. c4 Nf6 2. Nc3 d5 3. cxd5 Nxd5 4. d4 Nxc3 5. bxc3 g6 6. Nf3 Bg7 7. e3 c5 8. Be2 0-0 9. 0-0 Nd7 10. a4 b6 11. Ba3 Qc7 12. Rc1 Bb7 13. Nd2 Rac8 14. Bf3 Bxf3 15. Nxf3 Qb7 16. Qb3 Rc7 17. c4 Rfc8 18. d5 Nf6 19. Qc2 Ne8 20. Bb2 1/2-1/2

[Event "Gyongyos Matra Cup"]
[Site "Gyongyos"]
[Date "1998.??.??"]
[Round "8"]
[White "Michalczyk, Stanislaw"]
[Black "Dolanyi, Jozsef"]
[Result "1/2-1/2"]
[WhiteElo "2200"]
[BlackElo "2060"]
[PlyCount "28"]
[EventDate "1998.??.??"]
[EventType "swiss"]
[EventRounds "9"]
[EventCountry "HUN"]
[SourceTitle "EXT 2000"]
[Source "ChessBase"]
[SourceDate "1999.11.16"]
[SourceVersion "1"]
[SourceVersionDate "1999.11.16"]
[SourceQuality "1"]

1. e4 c6 2. d4 d5 3. e5 Bf5 4. Nc3 e6 5. g4 Bg6 6. Nge2 a6 7. h4 h6 8. Nf4 Ne7 9. Nxg6 Nxg6 10. h5 Ne7 11. Be3 Qc7 12. f4 Nd7 13. Qf3 c5 14. dxc5 Nxc5 1/2-1/2

[Event "Gyor Matrai Nyar op"]
[Site "Gyor"]
[Date "1997.??.??"]
[Round "1"]
[White "Dolanyi, Jozsef"]
[Black "Vujosevic, Vladimir"]
[Result "0-1"]
[WhiteElo "2065"]
[BlackElo "2420"]
[PlyCount "68"]
[EventDate "1997.??.??"]
[EventType "swiss"]
[EventRounds "9"]
[EventCountry "HUN"]
[SourceTitle "EXT 2001"]
[Source "ChessBase"]
[SourceDate "2000.11.22"]
[SourceVersion "1"]
[SourceVersionDate "2000.11.22"]
[SourceQuality "1"]

1. c4 e6 2. Nc3 d5 3. cxd5 exd5 4. d4 Nf6 5. Nf3 Be7 6. Bg5 0-0 7. Bxf6 Bxf6 8. e3 Nc6 9. Be2 b6 10. 0-0 Bb7 11. Rc1 a6 12. Ne1 Qd6 13. Bf3 Ne7 14. Nd3 Rfd8 15. Qb3 Rab8 16. Rfd1 g6 17. g3 h5 18. Qb4 Qd7 19. Bg2 h4 20. Nf4 hxg3 21. hxg3 Qf5 22. Qb3 Kg7 23. Qc2 Qg5 24. e4 dxe4 25. Bxe4 Bxd4 26. Bxb7 Rxb7 27. Qe4 Qxg3+ 28. Qg2 Bxf2+ 29. Kf1 Rxd1+ 30. Rxd1 Qxg2+ 31. Kxg2 Be3 32. Nfd5 Nxd5 33. Nxd5 Bg5 34. Nb4 c5 0-1